000 00720nam a2200205 a 4500
003 0
005 20250321090002.0
008 060801s19uu xx 00 eng d
050 _aPGS BF 723.B5.G66
_b.K46 2006
100 _aKidokoro, Kyo.
245 _aA study on the effects of good parenting skills on the behavior of grade six students /
_cKyo Kidokoro.
260 _aLas PiƱas City, Philippines :
_bSouthville International School and Colleges,
_c2006.
300 _a44 pages :
_billustrations ;
_c28 cm.
504 _aIncludes bibliographical references.
650 _aParenting skills.
650 _aParent and child.
650 _aBehavior in children.
650 _aChild rearing.
942 _2lcc
_cPASS
999 _c97498
_d97498